New states for a new India: federalism and decentralization in the states of Jharkhand and Chhattisgarh (Record no. 7769)
[ view plain ]
| 000 -LEADER | |
|---|---|
| fixed length control field | 00638nam a2200193Ia 4500 |
| 020 ## - INTERNATIONAL STANDARD BOOK NUMBER | |
| ISBN | 9788173049156 |
| 082 ## - DEWEY DECIMAL CLASSIFICATION NUMBER | |
| Classification number | 320.954 NEW- |
| 245 #0 - TITLE STATEMENT | |
| Title | New states for a new India: federalism and decentralization in the states of Jharkhand and Chhattisgarh |
| 260 ## - PUBLICATION, DISTRIBUTION, ETC. (IMPRINT) | |
| Place of publication | New Delhi |
| Name of publisher | Manohar Publishers |
| Year of publication | 2011 |
| 300 ## - PHYSICAL DESCRIPTION | |
| Number of Pages | 252 |
| 650 ## - SUBJECT ADDED ENTRY--TOPICAL TERM | |
| Topical Term | Social change |
| Geographic subdivision | India |
| -- | Jharkhand |
| 650 ## - SUBJECT ADDED ENTRY--TOPICAL TERM | |
| Topical Term | Social change |
| Geographic subdivision | India |
| -- | Chattisgarh |
| 650 ## - SUBJECT ADDED ENTRY--TOPICAL TERM | |
| Topical Term | Federal government |
| Geographic subdivision | India |
| -- | Chattisgarh |
| 650 ## - SUBJECT ADDED ENTRY--TOPICAL TERM | |
| Topical Term | Federal government |
| Geographic subdivision | India |
| -- | Jharkhand |
| 650 ## - SUBJECT ADDED ENTRY--TOPICAL TERM | |
| Topical Term | India |
| Form subdivision | Politics and government |
| 700 ## - ADDED ENTRY--PERSONAL NAME | |
| Personal name | Kumar, Girish |
| 700 ## - ADDED ENTRY--PERSONAL NAME | |
| Personal name | Berthet, Samuel |
| 942 ## - ADDED ENTRY ELEMENTS (KOHA) | |
| Koha item type | Books |
| Withdrawn status | Lost status | Damaged status | Not for loan | Home library | Current library | Date acquired | Source of acquisition | Bill Date | Full call number | Accession Number | Price effective from | Koha item type |
|---|---|---|---|---|---|---|---|---|---|---|---|---|
| NASSDOC Library | NASSDOC Library | 15/09/2011 | Gifted by : IC Division, ICSSR | 2011-09-12 | 320.954 NEW- | 47400 | 18/04/2019 | Books |
